000 00298 a2200133 4500
001 65306
010 _aG-6248
082 _a158.1 COV
090 _c38332
_d38332
100 _astephen R Covey
245 _aFirst things first
260 _aLondon
_bSimon and Schuster
500 _aPAF Book Club
942 _aNUST-CAE
_k158.1 COV
999 _c300379
_d300379